Shared mobility / (Record no. 8904)

MARC details
000 -LEADER
fixed length control field 02492cam a2200481 i 4500
001 - CONTROL NUMBER
control field 21984690
003 - CONTROL NUMBER IDENTIFIER
control field OSt
005 - DATE AND TIME OF LATEST TRANSACTION
control field 20260415093927.0
008 - FIXED-LENGTH DATA ELEMENTS--GENERAL INFORMATION
fixed length control field 210407s2021 ne ab b 001 0 eng d
010 ## - LIBRARY OF CONGRESS CONTROL NUMBER
LC control number 2021936723
015 ## - NATIONAL BIBLIOGRAPHY NUMBER
National bibliography number GBC178751
Source bnb
016 7# - NATIONAL BIBLIOGRAPHIC AGENCY CONTROL NUMBER
Record control number 020200773
Source Uk
020 ## - INTERNATIONAL STANDARD BOOK NUMBER
International Standard Book Number 0128229004
Qualifying information (paperback)
020 ## - INTERNATIONAL STANDARD BOOK NUMBER
International Standard Book Number 9780128229002
Qualifying information (paperback)
020 ## - INTERNATIONAL STANDARD BOOK NUMBER
Canceled/invalid ISBN 9780128230886
Qualifying information (ePub ebook)
035 ## - SYSTEM CONTROL NUMBER
System control number 21984690
035 ## - SYSTEM CONTROL NUMBER
System control number (OCoLC)1181843099
040 ## - CATALOGING SOURCE
Original cataloging agency YDX
Language of cataloging eng
Transcribing agency YDX
Description conventions rda
Modifying agency BDX
-- UKMGB
-- OCLCO
-- OCLCF
-- YDX
-- OCLCQ
-- OCLCO
-- DLC
042 ## - AUTHENTICATION CODE
Authentication code lccopycat
050 00 - LIBRARY OF CONGRESS CALL NUMBER
Classification number HE305
Item number .J55 2021
082 04 - DEWEY DECIMAL CLASSIFICATION NUMBER
Classification number 388 J55 2021
Edition number 23
100 1# - MAIN ENTRY--PERSONAL NAME
Personal name Jiao, Junfeng,
Relator term author.
245 10 - TITLE STATEMENT
Title Shared mobility /
Statement of responsibility, etc. Junfeng Jiao.
264 #1 - PRODUCTION, PUBLICATION, DISTRIBUTION, MANUFACTURE, AND COPYRIGHT NOTICE
Place of production, publication, distribution, manufacture Amsterdam, Netherlands ;
-- Cambridge, MA, United States :
Name of producer, publisher, distributor, manufacturer Elsevier,
Date of production, publication, distribution, manufacture, or copyright notice [2021]
300 ## - PHYSICAL DESCRIPTION
Extent vii, 153 pages :
Other physical details illustrations, maps ;
Dimensions 23 cm
336 ## - CONTENT TYPE
Content type term text
Content type code txt
Source rdacontent
337 ## - MEDIA TYPE
Media type term unmediated
Media type code n
Source rdamedia
338 ## - CARRIER TYPE
Carrier type term volume
Carrier type code nc
Source rdacarrier
504 ## - BIBLIOGRAPHY, ETC. NOTE
Bibliography, etc. note Includes bibliographical references and index.
520 ## - SUMMARY, ETC.
Summary, etc. "Shared Mobility offers a current view on one of the most significant economic activities in recent years. While most studies investigate shared mobility services and transportation piecemeal by city, mode, or company, this book focuses on transportation network companies themselves, highlighting shared bikes and E-scooters. Sections cover how they perform at the local or regional level in an effort to help governments better plan and regulate these emerging services. Shared Mobility explores the opportunities and challenges in these new systems and provides a thorough and succinct reference text for researchers, graduate students, and professionals in the fields of transportation planning, transportation engineering, and urban planning"--
Assigning source Provided by publisher
650 #0 - SUBJECT ADDED ENTRY--TOPICAL TERM
Topical term or geographic name entry element Urban transportation.
650 #0 - SUBJECT ADDED ENTRY--TOPICAL TERM
Topical term or geographic name entry element Shared services (Management)
650 #6 - SUBJECT ADDED ENTRY--TOPICAL TERM
Topical term or geographic name entry element Transports urbains.
650 #6 - SUBJECT ADDED ENTRY--TOPICAL TERM
Topical term or geographic name entry element Services partagés (Gestion)
650 #7 - SUBJECT ADDED ENTRY--TOPICAL TERM
Topical term or geographic name entry element urban transportation.
Source of heading or term aat
650 #7 - SUBJECT ADDED ENTRY--TOPICAL TERM
Topical term or geographic name entry element Shared services (Management)
Source of heading or term fast
Authority record control number or standard number (OCoLC)fst01115267
650 #7 - SUBJECT ADDED ENTRY--TOPICAL TERM
Topical term or geographic name entry element Urban transportation.
Source of heading or term fast
Authority record control number or standard number (OCoLC)fst01162609
776 08 - ADDITIONAL PHYSICAL FORM ENTRY
Relationship information Ebook version :
International Standard Book Number 9780128230886
906 ## - LOCAL DATA ELEMENT F, LDF (RLIN)
a 7
b cbc
c copycat
d 2
e ncip
f 20
g y-gencatlg
942 ## - ADDED ENTRY ELEMENTS (KOHA)
Source of classification or shelving scheme Dewey Decimal Classification
Koha item type English Book
Suppress in OPAC No
Holdings
Withdrawn status Lost status Source of classification or shelving scheme Damaged status Not for loan Home library Current library Date acquired Total Checkouts Full call number Barcode Date last seen Price effective from Koha item type
    Dewey Decimal Classification     CENTRAL TUWAIQ 04/15/2026   388 J55 2021 1000000029205 04/15/2026 04/15/2026 English Book